Statistics for Cities to Countries - North America

Click here to take the quiz!

General Stats

  • This quiz has been taken 30 times
  • The average score is 17 of 23

Answer Stats

City Country % Correct
MontrealCanada
100%
CancúnMexico
100%
PhiladelphiaUnited States
96%
ManaguaNicaragua
93%
BelmopanBelize
93%
QuetzaltenangoGuatemala
86%
Montego BayJamaica
86%
KingstownSaint Vincent and the Grenadines
86%
RoseauDominica
82%
BridgetownBarbados
82%
CastriesSaint Lucia
79%
BasseterreSaint Kitts and Nevis
79%
CarrefourHaiti
68%
FreeportBahamas
68%
MetapánEl Salvador
68%
CamagüeyCuba
64%
CholomaHonduras
57%
La VegaDominican Republic
57%
All SaintsAntigua and Barbuda
54%
LiberiaCosta Rica
54%
San FernandoTrinidad and Tobago
54%
TocumenPanama
50%
GrenvilleGrenada
46%

Score Distribution

Percentile by Number Answered

Percent of People with Each Score

Your Score History

You have not taken this quiz